[Event "AUTO-ADV-114"]
[Site "http://www.queenalice.com/game.php?id=43312"]
[Date "2005.12.13"]
[Round "1"]
[White "Schach420"]
[Black "AlexBoneto"]
[Result "1-0"]
[WhiteElo "1757"]
[BlackElo "1588"]

1. e4 e5 2. Nf3 Nc6 3. Bb5 Qf6 4. O-O Bc5 5. c3 Nh6 6. d4 exd4 7. Bxc6 dxc6 8.
cxd4 Bb6 9. Nc3 Qg6 10. Ne5 Qf6 11. Be3 O-O 12. h3 a5 13. Qd2 a4 14. Rad1 a3 15.
b3 Ba5 16. Rc1 Rd8 17. Bxh6 Qxh6 18. Qxh6 gxh6 19. Rfd1 Bxc3 20. Rxc3 Ra5 21. d5
cxd5 22. Rxc7 Rf8 23. exd5 b6 24. Nc6 Ra8 25. d6 f5 26. d7 Bxd7 27. Rdxd7 Rf6
28. Rg7+ Kf8 29. Rxh7 f4 30. Rh8# 1-0

[Event "AUTO-ADV-114"]
[Site "http://www.queenalice.com/game.php?id=43325"]
[Date "2005.12.13"]
[Round "1"]
[White "refutor"]
[Black "Schach420"]
[Result "0-1"]
[WhiteElo "1773"]
[BlackElo "1797"]

1. d4 d5 2. c4 c6 3. Nf3 Nf6 4. Nc3 Bf5 5. cxd5 cxd5 6. Qb3 b6 7. Bg5 Nbd7 8.
Nxd5 Nxd5 9. Qxd5 e6 10. Qxf5 Bb4+ 11. Kd1 exf5 12. Bxd8 Rxd8 13. e3 O-O 14. Bd3
g6 15. Ke2 Nf6 16. a3 Bd6 17. Rhc1 Rfe8 18. Kf1 Ne4 19. Bxe4 fxe4 20. Ng5 h6 21.
Nh3 Rc8 22. b4 f5 23. Rxc8 Rxc8 24. Ra2 Rc1+ 25. Ke2 Kf7 26. Nf4 g5 27. Nd5 Ke6
28. Kd2 Rh1 29. Nc3 Rxh2 30. Nb5 Rxg2 0-1

[Event "AUTO-ADV-114"]
[Site "http://www.queenalice.com/game.php?id=43326"]
[Date "2005.12.13"]
[Round "1"]
[White "Schach420"]
[Black "refutor"]
[Result "1-0"]
[WhiteElo "1772"]
[BlackElo "1773"]

1. e4 c5 2. d4 e6 3. Nf3 cxd4 4. Nxd4 a6 5. Nc3 Nc6 6. Be2 Qc7 7. Be3 Nf6 8. O-O
Bb4 9. Nxc6 bxc6 10. Qd3 O-O 11. a3 Bd6 12. f4 Be7 13. e5 Nd5 14. Nxd5 cxd5 15.
c4 dxc4 16. Qxc4 Qxc4 17. Bxc4 Bb7 18. Rad1 Rad8 19. Bb6 Rc8 20. Rxd7 Rxc4 21.
Rxb7 Bc5+ 22. Bxc5 Rxc5 23. b4 Rc3 24. a4 Rb3 25. Ra1 h6 26. b5 axb5 27. a5 Ra8
28. a6 g6 29. a7 1-0

[Event "AUTO-ADV-114"]
[Site "http://www.queenalice.com/game.php?id=43333"]
[Date "2005.12.13"]
[Round "1"]
[White "jailsonjr"]
[Black "Schach420"]
[Result "0-1"]
[WhiteElo "1583"]
[BlackElo "1838"]

1. e4 c6 2. d4 d5 3. e5 Bf5 4. Nc3 e6 5. h4 h6 6. g4 Bh7 7. f4 c5 8. Bb5+ Nc6 9.
Bxc6+ bxc6 10. Nce2 Qb6 11. c3 cxd4 12. Qxd4 Bc5 13. Qa4 Be4 14. Rh2 Bxg1 15.
Rh3 Qf2+ 16. Kd2 Ne7 17. Qd1 Bh2 18. Rxh2 Qxh2 19. h5 Bf3 20. Qe1 Bxg4 21. Qf1
Bxh5 22. Qg1 Qxe2# 0-1

[Event "AUTO-ADV-114"]
[Site "http://www.queenalice.com/game.php?id=43334"]
[Date "2005.12.13"]
[Round "1"]
[White "Schach420"]
[Black "jailsonjr"]
[Result "1-0"]
[WhiteElo "1845"]
[BlackElo "1538"]

1. e4 e5 2. Nf3 Nc6 3. Bb5 d6 4. d4 exd4 5. Nxd4 Bd7 6. O-O Nxd4 7. Bxd7+ Qxd7
8. Qxd4 c5 9. Qd3 Be7 10. Nc3 Nf6 11. Bf4 O-O 12. Rad1 a6 13. Bxd6 Bxd6 14. Qxd6
Qxd6 15. Rxd6 b5 16. e5 Ng4 17. Re1 c4 18. Nd5 Rfd8 19. f3 Rxd6 20. exd6 Nf6 21.
Nxf6+ gxf6 22. d7 Kf8 23. Kf2 Rd8 24. Re8+ Rxe8 25. dxe8=R+ 1-0

[Event "AUTO-OPEN-192"]
[Site "http://www.queenalice.com/game.php?id=43399"]
[Date "2005.12.13"]
[Round "1"]
[White "Kritikos"]
[Black "Schach420"]
[Result "0-1"]
[WhiteElo "1609"]
[BlackElo "1910"]

1. d4 d5 2. c4 c6 3. c5 e5 4. Nc3 exd4 5. Qxd4 Nf6 6. e4 Nbd7 7. Bg5 Bxc5 8. Qd3
Qe7 9. Nf3 dxe4 10. Qxe4 Qxe4+ 11. Nxe4 Nxe4 12. Be3 Bxe3 13. fxe3 O-O 14. Bd3
Ndc5 15. Bc4 Re8 16. Rd1 Be6 17. b3 Bxc4 18. bxc4 Nc3 19. Rc1 Nd3+ 20. Kd2 Nxc1
21. Kxc3 Nxa2+ 22. Kb2 Nb4 23. Kc3 c5 24. Re1 f6 25. e4 Rad8 26. e5 Rd3+ 27. Kb2
Rxf3 28. gxf3 Rxe5 29. Rd1 Re2+ 30. Kb3 Re3+ 31. Ka4 Rd3 32. Rxd3 Nxd3 0-1

[Event "AUTO-OPEN-192"]
[Site "http://www.queenalice.com/game.php?id=43400"]
[Date "2005.12.13"]
[Round "1"]
[White "Schach420"]
[Black "Kritikos"]
[Result "1-0"]
[WhiteElo "1849"]
[BlackElo "1609"]

1. e4 e5 2. Nf3 d6 3. Bc4 h6 4. O-O Nf6 5. Nc3 Bg4 6. h3 Be6 7. Bxe6 fxe6 8. d4
exd4 9. Nxd4 Qd7 10. Re1 g6 11. e5 dxe5 12. Rxe5 Nc6 13. Rxe6+ Be7 14. Ncb5 a6
15. Qe2 Nxd4 16. Nxd4 O-O-O 17. c3 Bc5 18. Rxf6 Bxd4 19. cxd4 Qxd4 20. Rxg6 Rde8
21. Re6 Qd7 22. Rxe8+ Rxe8 23. Qg4 Qxg4 24. hxg4 Re1+ 25. Kh2 Kd7 26. Kg3 Ke6
27. b3 b5 28. Bb2 Rxa1 29. Bxa1 c5 30. Kf4 a5 31. Bg7 1-0

[Event "AUTO-OPEN-192"]
[Site "http://www.queenalice.com/game.php?id=43415"]
[Date "2005.12.13"]
[Round "1"]
[White "Cuti"]
[Black "Schach420"]
[Result "1-0"]
[WhiteElo "1883"]
[BlackElo "1931"]

1. d4 d5 2. e3 Nf6 3. Nc3 Bf5 4. Be2 e6 5. a3 Bd6 6. Nf3 h6 7. Bb5+ c6 8. Bd3
Bxd3 9. Qxd3 O-O 10. O-O Nbd7 11. Re1 c5 12. Nb5 Be7 13. b3 Ne4 14. Bb2 a6 15.
Nc3 Ndf6 16. Ne5 Qc7 17. Nxe4 Nxe4 18. f3 Nf6 19. dxc5 Bxc5 20. Qc3 Rac8 21. b4
Bd6 22. Qxc7 Rxc7 23. Rac1 Rfc8 24. Re2 b5 25. e4 dxe4 26. fxe4 Nd7 27. Nxd7
Rxd7 28. Rd1 Bxh2+ 29. Kxh2 Rxd1 30. e5 Rc4 31. Kg3 Kh7 32. Kf3 Rc1 33. Bxc1 Kg6
34. g4 Rc3+ 35. Kf4 Rc4+ 36. Kg3 Rc3+ 37. Kh4 Rc4 38. Bb2 1-0

[Event "AUTO-OPEN-192"]
[Site "http://www.queenalice.com/game.php?id=43416"]
[Date "2005.12.13"]
[Round "1"]
[White "Schach420"]
[Black "Cuti"]
[Result "0-1"]
[WhiteElo "1950"]
[BlackElo "1864"]

1. e4 e5 2. Nf3 Nc6 3. Bb5 a6 4. Ba4 b5 5. Bb3 Bb7 6. c3 d6 7. d4 exd4 8. cxd4
Na5 9. Bc2 d5 10. exd5 Bxd5 11. O-O Bd6 12. Nc3 Bc4 13. Re1+ Ne7 14. Be4 c6 15.
b3 f5 16. Bxf5 O-O 17. Bxh7+ Kxh7 18. Ng5+ Kg8 19. Qh5 Rf5 20. Qh7+ Kf8 21. bxc4
Ke8 22. Qxf5 Bb4 23. Qf7+ Kd7 24. Qe6+ Kc7 25. Bf4+ Kb6 26. c5+ Ka7 27. Qxe7+
Qxe7 28. Rxe7+ Nb7 29. Nce4 a5 30. Nd6 Rb8 31. Ne6 g5 32. Bxg5 Bc3 33. Rc1 b4
34. Nd8 Rxd8 35. Rxb7+ Ka8 36. Bxd8 Bxd4 37. Re1 Bxc5 38. Bb6 Bxd6 0-1

[Event "AUTO-OPEN-174"]
[Site "http://www.queenalice.com/game.php?id=55855"]
[Date "2006.3.5"]
[Round "2"]
[White "nikos"]
[Black "Schach420"]
[Result "0-1"]
[WhiteElo "1613"]
[BlackElo "1931"]

1. e4 c6 2. d4 d5 3. e5 Bf5 4. Nf3 e6 5. Nc3 Bb4 6. Bd2 Ba5 7. g3 Ne7 8. Bg2 O-O
9. O-O Nd7 10. Nh4 Qc7 11. a3 c5 12. dxc5 Nxe5 13. b4 Bg4 14. f3 Bh5 15. bxa5
Qxc5+ 16. Kh1 Nc4 17. Ne2 Nc6 18. Qe1 N6xa5 19. Bxa5 Nxa5 20. Qd2 Rac8 21. Rac1
Nc4 22. Qc3 Nxa3 23. Qxc5 Rxc5 24. g4 Rc4 25. c3 Rfc8 26. Nd4 Bg6 27. f4 Bd3 28.
Rf3 Rxd4 29. Ra1 Rxc3 30. Rd1 Nb5 31. Bf1 Be4 32. Bxb5 Rxd1+ 33. Kg2 Rc2+ 0-1

[Event "AUTO-OPEN-174"]
[Site "http://www.queenalice.com/game.php?id=55856"]
[Date "2006.3.5"]
[Round "2"]
[White "Schach420"]
[Black "nikos"]
[Result "0-1"]
[WhiteElo "1980"]
[BlackElo "1607"]

1. e4 e5 2. Nf3 Nc6 3. Bb5 d6 4. d4 Bd7 5. d5 Nce7 6. Bxd7+ Qxd7 7. O-O Nf6 8.
Nc3 c6 9. Bg5 cxd5 10. Bxf6 gxf6 11. Nxd5 O-O-O 12. Qd3 Nxd5 13. Qxd5 f5 14. Ng5
Re8 15. Nxf7 Rg8 16. exf5 Qxf5 17. Rfe1 Re6 18. Rxe5 Rxe5 19. Nxe5 Rg5 20. Qc4+
Kb8 21. Nd3 d5 22. Qf4+ Qxf4 23. Nxf4 Bg7 24. c3 Rf5 25. Ne6 Be5 26. Re1 Bf6 27.
g4 Re5 28. Rxe5 Bxe5 29. f4 Bh8 30. g5 Kc8 31. f5 Kd7 32. Nf8+ Ke7 33. Nxh7 Kf7
34. g6+ Kg7 35. h4 Kh6 36. Ng5 Bf6 37. Kg2 Kg7 38. Ne6+ Kh6 39. Kh3 b5 40. Kg4
a5 41. h5 b4 42. g7 Bxg7 0-1

[Event "AUTO-OPEN-174"]
[Site "http://www.queenalice.com/game.php?id=55861"]
[Date "2006.3.5"]
[Round "2"]
[White "Schach420"]
[Black "Kasparico"]
[Result "0-1"]
[WhiteElo "1980"]
[BlackElo "1908"]

1. e4 c5 2. Nf3 e6 3. d4 cxd4 4. Nxd4 a6 5. Be3 Qc7 6. Nc3 b5 7. Bd3 Bb7 8. O-O
Nf6 9. a3 d5 10. exd5 Nxd5 11. Nxd5 Bxd5 12. Qg4 Nd7 13. Bf4 Qb6 14. Be3 Ne5 15.
Qg3 Nxd3 16. cxd3 Qd8 17. Rac1 Qf6 18. Nc6 Qg6 19. Nb8 Qxg3 20. Rc8+ Ke7 21.
fxg3 f6 22. Rfc1 Kf7 23. R1c7+ Kg6 24. Rd7 Bc5 25. Rxh8 Bxe3+ 26. Kf1 Bd4 0-1

[Event "AUTO-OPEN-174"]
[Site "http://www.queenalice.com/game.php?id=55862"]
[Date "2006.3.5"]
[Round "2"]
[White "Kasparico"]
[Black "Schach420"]
[Result "1-0"]
[WhiteElo "1951"]
[BlackElo "1980"]

1. d4 d5 2. c4 c6 3. Nf3 Bf5 4. Nc3 e6 5. Qb3 Qb6 6. Qxb6 axb6 7. Nh4 Ne7 8.
cxd5 exd5 9. Nxf5 Nxf5 10. e3 Nd7 11. Bd3 Nd6 12. O-O Nf6 13. f3 b5 14. e4 dxe4
15. fxe4 b4 16. e5 bxc3 17. exf6 cxb2 18. Bxb2 g6 19. Rfe1+ Kd7 20. Re5 Bh6 21.
Re7+ 1-0

[Event "AUTO-OPEN-175"]
[Site "http://www.queenalice.com/game.php?id=55983"]
[Date "2006.3.6"]
[Round "2"]
[White "Brandt"]
[Black "Schach420"]
[Result "1/2-1/2"]
[WhiteElo "1940"]
[BlackElo "1914"]

1. d4 d5 2. c4 c6 3. Nc3 Bf5 4. Bf4 e6 5. c5 Nf6 6. Nf3 Nbd7 7. e3 Be7 8. Bd3
Ne4 9. O-O O-O 10. h3 Nxc3 11. bxc3 Bxd3 12. Qxd3 Nf6 13. Be5 Ne4 14. Rab1 b5
15. a3 1/2-1/2

[Event "AUTO-OPEN-175"]
[Site "http://www.queenalice.com/game.php?id=55984"]
[Date "2006.3.6"]
[Round "2"]
[White "Schach420"]
[Black "Brandt"]
[Result "1-0"]
[WhiteElo "1915"]
[BlackElo "1859"]

1. e4 c5 2. Nf3 d6 3. Bc4 Nf6 4. Nc3 a6 5. O-O g6 6. d4 b5 7. Be2 c4 8. e5 dxe5
9. dxe5 Qxd1 10. Rxd1 Nfd7 11. Nd5 Ra7 12. Be3 Rb7 13. a4 e6 14. Nf6+ Nxf6 15.
exf6 1-0

[Event "AUTO-OPEN-175"]
[Site "http://www.queenalice.com/game.php?id=61731"]
[Date "2006.4.6"]
[Round "3"]
[White "Schach420"]
[Black "bispo"]
[Result "1-0"]
[WhiteElo "1973"]
[BlackElo "1737"]

1. e4 c5 2. Nf3 e6 3. d4 cxd4 4. Nxd4 Nc6 5. Be3 Nf6 6. Nc3 Bb4 7. Nxc6 bxc6 8.
Bd2 e5 9. Qf3 d5 10. exd5 cxd5 11. Bb5+ Kf8 12. a3 Bg4 13. Qg3 Qa5 14. Qd3 Rb8
15. Bc6 Bxc3 16. Qxc3 Qxc3 17. Bxc3 Rc8 18. Ba4 Nd7 19. f3 Nc5 20. Bb4 Be6 21.
Bb5 Ke7 22. Rd1 Rc7 23. O-O Rb8 24. Bd3 Kd7 25. Bxh7 g6 26. Bc3 Kd6 27. f4 Ke7
28. Bxe5 Kd7 29. f5 Bxf5 30. Rxd5+ Kc6 31. Bxc7 Rxb2 32. Rdxf5 gxf5 33. Rxf5 Ne4
34. h4 Kxc7 35. Rxf7+ Kb6 36. Bxe4 Ra2 37. Rb7+ Ka6 38. Rb3 Ka5 39. h5 Ra1+ 40.
Kh2 Re1 41. Bf5 Re5 42. g4 Re8 43. h6 1-0

[Event "AUTO-OPEN-175"]
[Site "http://www.queenalice.com/game.php?id=61732"]
[Date "2006.4.6"]
[Round "3"]
[White "bispo"]
[Black "Schach420"]
[Result "0-1"]
[WhiteElo "1729"]
[BlackElo "1952"]

1. e4 c6 2. Nc3 d5 3. Nf3 dxe4 4. Nxe4 Nd7 5. Be2 Ngf6 6. d3 Nxe4 7. dxe4 Qb6 8.
O-O e6 9. c3 Be7 10. Qc2 Qc7 11. Rd1 O-O 12. Be3 e5 13. h3 Nf6 14. a4 Be6 15.
Ng5 Bd7 16. Bc4 h6 17. Nf3 c5 18. a5 b5 19. axb6 axb6 20. Rxa8 Rxa8 21. Qb3 Be8
22. Re1 Bd6 23. Nh4 Ba4 24. Qa2 Bc6 25. Qb3 Bxe4 26. f3 Bh7 27. g4 e4 28. f4
Bxf4 29. Bxf4 Qxf4 30. Bxf7+ Kh8 31. Ng6+ Bxg6 32. Bxg6 Qg3+ 33. Kf1 Qxh3+ 34.
Kf2 Qh2+ 35. Ke3 Qg3+ 36. Kd2 Qd3+ 37. Kc1 Ra1# 0-1

[Event "AUTO-ADV-114"]
[Site "http://www.queenalice.com/game.php?id=63245"]
[Date "2006.4.15"]
[Round "2"]
[White "mfrezman"]
[Black "Schach420"]
[Result "0-1"]
[WhiteElo "1534"]
[BlackElo "1929"]

1. Nf3 c6 2. b3 d5 3. Bb2 Bf5 4. d3 Nf6 5. Nbd2 e6 6. Ne5 Nbd7 7. Nxd7 Qxd7 8.
Bxf6 gxf6 9. e4 dxe4 10. Nxe4 Bb4+ 11. Nd2 Rg8 12. Qf3 Qd4 13. Rc1 Qc3 14. Qe3
O-O-O 15. Be2 Rxg2 16. Bf3 Rxd3 17. Qxd3 Bxd3 18. Bxg2 Qxd2# 0-1

[Event "AUTO-ADV-114"]
[Site "http://www.queenalice.com/game.php?id=63246"]
[Date "2006.4.15"]
[Round "2"]
[White "Schach420"]
[Black "mfrezman"]
[Result "1-0"]
[WhiteElo "1934"]
[BlackElo "1532"]

1. e4 g6 2. d4 Bg7 3. Nf3 d5 4. exd5 Qxd5 5. Nc3 Qa5 6. Bc4 Bg4 7. O-O Nh6 8.
Bd2 Bxf3 9. Qxf3 c6 10. Bxh6 Bxh6 11. Qxf7+ Kd7 12. Rfe1 Bf8 13. d5 Na6 14.
dxc6+ bxc6 15. Rad1+ Kc8 16. Bxa6+ Qxa6 17. Qe6+ Kb7 18. Rd7+ Kb6 19. Re5 Qc8
20. Na4+ Ka6 21. Qc4# 1-0

[Event "AUTO-ADV-114"]
[Site "http://www.queenalice.com/game.php?id=63249"]
[Date "2006.4.15"]
[Round "2"]
[White "Schach420"]
[Black "hd"]
[Result "1-0"]
[WhiteElo "1959"]
[BlackElo "1908"]

1. e4 e5 2. Nf3 Nc6 3. Bb5 Nf6 4. O-O d6 5. Re1 Be7 6. d4 Bd7 7. c3 O-O 8. Bc4
Bg4 9. d5 Na5 10. Be2 b6 11. b4 Nb7 12. Nbd2 Qd7 13. h3 Bh5 14. Nxe5 dxe5 15.
Bxh5 Nd6 16. Bf3 a5 17. Bb2 b5 18. Qc2 c6 19. a3 Rfc8 20. Rad1 axb4 21. axb4 Ra2
22. Ra1 Rca8 23. Rxa2 Rxa2 24. Qb3 Ra4 25. Re3 Nb7 26. Bd1 c5 27. Nc4 Qc7 28.
Na3 cxb4 29. Nxb5 Qa5 30. Qxa4 1-0

[Event "AUTO-ADV-114"]
[Site "http://www.queenalice.com/game.php?id=63250"]
[Date "2006.4.15"]
[Round "2"]
[White "hd"]
[Black "Schach420"]
[Result "0-1"]
[WhiteElo "1924"]
[BlackElo "1936"]

1. d4 d5 2. c4 c6 3. Nc3 Nf6 4. Nf3 Bg4 5. Ne5 Bf5 6. cxd5 cxd5 7. e3 Nbd7 8.
Qb3 Qc7 9. Nxd5 Nxd5 10. Qxd5 Be6 11. Qe4 Nxe5 12. Qxe5 Qxe5 13. dxe5 a6 14. Bd2
g6 15. Bc3 Bg7 16. Be2 O-O 17. O-O Rac8 18. a4 Rc7 19. Rac1 Rfc8 20. f4 f6 21.
Bd2 fxe5 22. fxe5 Rc2 23. Rfd1 Bxe5 24. Rxc2 Rxc2 25. b4 Bb3 26. a5 Rb2 27. Rc1
Rxd2 28. Bf3 Bd5 0-1